Biología : la diversidad de formas y unidad de patrones en los seres vivos /
Guardado en:
| Autor Principal: | |
|---|---|
| Formato: | Libro |
| Publicado: |
Buenos Aires :
El Ateneo,
1980
|
| Edición: | 5a. ed. |
| Materias: | |
| Etiquetas: |
Agregar Etiqueta
Sin Etiquetas, Sea el primero en etiquetar este registro!
|
| LEADER | 01001nam a22002415a 4500 | ||
|---|---|---|---|
| 001 | CEM.cems006463 | ||
| 008 | 130507s1980##################000#0#####d | ||
| 005 | 20240418080106.0 | ||
| 245 | 1 | 0 | |a Biología : |b la diversidad de formas y unidad de patrones en los seres vivos / |
| 250 | |a 5a. ed. | ||
| 260 | |a Buenos Aires : |b El Ateneo, |c 1980 | ||
| 300 | |a 419 p. | ||
| 505 | 0 | |a El ecosistema. Comunidades. Fotos¡ntesis. Interrelaciónes tr¢ficas. Los componentes de la comunidad bi¢tica. La bi¢sfera | |
| 100 | 1 | |a Vattuone, Lucy F De | |
| 082 | 0 | 4 | |a 574 |
| 653 | |a Artropodos | ||
| 653 | |a Biología | ||
| 653 | |a Biología 2do. año | ||
| 859 | |a CEMS |b BIB. CEMS - 11 de abril |h 574 |i V459a5/II |p 11915.83 |t Ej.1 | ||
| 859 | |a CEMS |b BIB. CEMS - 11 de abril |h 574 |i V459a5/II |p 11914.83 |t Ej.2 | ||
| 859 | |a CEMS |b BIB. CEMS - Agricultura |h 574 |i V459a5 |p A11916.83 |t Ej.3 | ||
| 859 | |a CEMS |b BIB. CEMS - 11 de abril |h 574 |i V459a5/II |p 11800.83 |t Ej.4 | ||
| 859 | |a CEMS |b BIB. CEMS - 11 de abril |h 574 |i V459a5/II |p 11804.83 |t Ej.5 | ||
